000 00677nam a2200181Ia 4500
008 151121s9999||||xx |||||||||||||| ||und||
082 _a811/ढसाळ
082 _bHNW-37251
100 _aढसाळ नामदेव
245 _aमुर्ख म्हाताअयाने डोंगर हालवले
260 _c--
300 _a90
600 _aढसाळ नामदेव
630 _aमुर्ख म्हाताअयाने डोंगर हालवले
700 _aढसाळ नामदेव
730 _aमुर्ख म्हाताअयाने डोंगर हालवले
942 _cBOOK
999 _c1228758
_d1228755